Spell the Marvel Character #11 - Statistics

General Stats
  • This quiz has been taken 67 times
  • The average score is 9 of 13
Answer Stats
Picture Answer % Correct
Red Hulk
100%
Wasp
98%
Thing
96%
Rogue
94%
Nova
81%
America Chavez
79%
Emma Frost
74%
Lockjaw
70%
Giant-Man
64%
Nightcrawler
49%
Inferno
32%
Captain Universe
30%
Hazmat
28%
No matching quizzes found
Score Distribution
Percent of People with Each Score
Percentile by Number Answered
Your Score History
You have not taken this quiz